| 000 | 00798nam a2200289Ia 4500 | ||
|---|---|---|---|
| 003 | OSt | ||
| 005 | 20221007063639.0 | ||
| 006 | a|||||r|||| 00| 0 | ||
| 007 | ta | ||
| 008 | 221006b |||||||| |||| 00| 0 eng d | ||
| 024 | _a1,324 | ||
| 037 | _cReference Collections | ||
| 040 |
_aFLL _cFLL _beng |
||
| 041 |
_2eng _aeng |
||
| 082 | _aX724:Z2, M1.1 | ||
| 100 | _aChaturvedi K. | ||
| 245 | 0 | _aIncome tax law | |
| 250 | _a3rd | ||
| 260 |
_aCalcutta _bEastern Law House India _c1981 |
||
| 300 |
_a1152p,107p _ccm. |
||
| 490 | _vVol.1 | ||
| 650 | _aIncome Tax | ||
| 700 |
_a Chaturvedi M. K. _9138276 |
||
| 700 | _a Pithisaria S. M. | ||
| 942 |
_hX724:Z2, M1.1 _cREF _2CC |
||
| 999 |
_c1131755 _d1131755 |
||